Statistics for Numbers from 1-100: A quiz for kids

Click here to take the quiz!

General Stats

  • This quiz has been taken 29 times
  • The average score is 89 of 100

Answer Stats

HintAnswer% Correct
11
100%
22
100%
33
100%
44
96%
55
96%
66
96%
77
96%
88
96%
99
96%
1010
92%
1111
92%
1212
92%
1919
92%
3434
92%
5656
92%
7878
92%
9090
92%
100100
88%
1313
88%
1414
88%
1515
88%
1616
88%
1717
88%
1818
88%
2020
88%
2121
88%
2222
88%
2323
88%
2424
88%
2525
88%
2626
88%
2727
88%
2828
88%
2929
88%
3030
88%
3131
88%
3232
88%
3333
88%
3535
88%
3636
88%
3737
88%
3838
88%
3939
88%
4040
88%
4141
88%
4242
88%
4343
88%
4444
88%
4545
88%
4646
88%
4747
88%
4848
88%
4949
88%
5050
88%
5151
88%
5252
88%
5353
88%
5454
88%
5555
88%
5757
88%
5858
88%
5959
88%
6060
88%
6161
88%
6262
88%
6363
88%
6464
88%
6565
88%
6666
88%
6767
88%
6868
88%
6969
88%
7070
88%
7171
88%
7272
88%
7373
88%
7474
88%
7575
88%
7676
88%
7777
88%
7979
88%
8080
88%
8181
88%
8282
88%
8383
88%
8484
88%
8585
88%
8686
88%
8787
88%
8888
88%
8989
88%
9191
88%
9292
88%
9393
88%
9494
88%
9595
88%
9696
88%
9797
88%
9898
88%
9999
88%

Score Distribution

Percentile by Number Answered

Percent of People with Each Score

Your Score History

You have not taken this quiz